Một số mô hình nhà vườn ở Đồng Bằng Sông Cửu Long và thành phố Hồ Chí Minh
में बचाया:
| मुख्य लेखक: | |
|---|---|
| स्वरूप: | पुस्तक |
| भाषा: | Undetermined |
| प्रकाशित: |
Tp. Hồ Chí Minh
Trường Đại học Tổng hợp Tp. HCM
1995
|
| विषय: | |
| टैग : |
टैग जोड़ें
कोई टैग नहीं, इस रिकॉर्ड को टैग करने वाले पहले व्यक्ति बनें!
|
| Thư viện lưu trữ: | Trung tâm Học liệu Trường Đại học Cần Thơ |
|---|
| LEADER | 00620nam a2200169Ia 4500 | ||
|---|---|---|---|
| 001 | CTU_36461 | ||
| 008 | 210402s9999 xx 000 0 und d | ||
| 082 | |a 634 | ||
| 082 | |b Â121 | ||
| 100 | |a Nguyễn Thị Ngọc Ẩn | ||
| 245 | 0 | |a Một số mô hình nhà vườn ở Đồng Bằng Sông Cửu Long và thành phố Hồ Chí Minh | |
| 245 | 0 | |c Nguyễn Thị Ngọc ẩn | |
| 260 | |a Tp. Hồ Chí Minh | ||
| 260 | |b Trường Đại học Tổng hợp Tp. HCM | ||
| 260 | |c 1995 | ||
| 650 | |a Horticulture | ||
| 980 | |a Trung tâm Học liệu Trường Đại học Cần Thơ | ||